Didáctica de las matemáticas para educación preescolar

Đã lưu trong:
Chi tiết về thư mục
Tác giả chính: Chamorro, María del Carmen (Tác giả)
Định dạng: Sách
Ngôn ngữ:Tiếng Tây Ban Nha
Được phát hành: Madrid Pearson Educación 2005
Loạt:Colección Didáctica Preescolar
Những chủ đề:
Các nhãn: Thêm thẻ
Không có thẻ, Là người đầu tiên thẻ bản ghi này!

MARC

LEADER 00000nam a2200000 a 4500
001 UCK9477
003 CL-VaPUC
008 060512e20050000SP |||||||||||||||||spa|d
020 |a 8420550272 
082 0 4 |a 372.7  |b CHA  |2 21 
100 0 |a Chamorro, María del Carmen  |e author  |9 499325 
245 1 0 |a Didáctica de las matemáticas para educación preescolar 
300 |a 409 p 
942 |c BK 
945 |d 20060512 00:00:00  |a jtorresc 
260 |a Madrid  |b Pearson Educación  |c 2005 
650 0 |a Matemáticas  |x Enseñanza  |9 875527 
650 0 |a Educación básica   |9 224933 
650 0 |a Métodos de enseñanza  |9 270413 
583 |a last modification  |c 20141127 02:42:58  |k Rodrigo Vera 
490 0 |a Colección Didáctica Preescolar 
999 |c 316677  |d 316675 
952 |0 0  |1 0  |4 0  |6 372_700000000000000_CHA_2005  |7 0  |8 A  |9 391329  |a BIBEDU  |b BIBEDU  |d 2019-11-22  |i 4230175  |o 372.7 CHA 2005  |p 4230175  |r 2019-11-22  |w 2019-11-22  |y BK  |k EBA 
952 |0 0  |1 0  |4 0  |6 372_700000000000000_CHA_2005  |7 0  |8 A  |9 391330  |a BIBEDU  |b BIBEDU  |d 2019-11-22  |i 4454138  |o 372.7 CHA 2005  |p 4454138  |r 2019-11-22  |w 2019-11-22  |y BK  |k PAR 
952 |0 0  |1 0  |4 0  |6 372_700000000000000_CHA_2005  |7 0  |8 A  |9 391331  |a BIBEDU  |b BIBEDU  |d 2019-11-22  |i 4459253  |o 372.7 CHA 2005  |p 4459253  |r 2019-11-22  |w 2019-11-22  |y BK  |k EBA